Organisation Industrielle - Gestion de stocks - Statistiques

Statistiques générales
  • Ce quiz a été pris 35 fois
  • Le résultat moyen est 27 sur 44
Statistiques - réponses
Question Tuile Select % Correct
Quelles sont les questions auxquelles une gestion efficace des stocks doit répondre? Si les entrepôts peuvent devenir des attractions touristiques Non
100%
Quelles sont les questions auxquelles une gestion efficace des stocks doit répondre? Si les produits peuvent être utilisés comme cadeaux pour les employés Non
97%
Quelles sont les questions auxquelles une gestion efficace des stocks doit répondre? Quelle quantité commander Oui
88%
Qu'est-ce qu'un stock et comment agit-il comme régulateur dans une entreprise? Réserves de papeterie dans un bureau et n'ont aucun impact régulateur Non
88%
Quelles sont les questions auxquelles une gestion efficace des stocks doit répondre? Quand passer la commande Oui
85%
Quels sont les différents types de stocks et comment les définissez-vous? Stock initial Oui
85%
Quelles sont les conséquences négatives d'avoir trop de stocks? Les salariés n'ont plus à travailler Non
82%
Quelles sont les conséquences négatives d'avoir trop de stocks? Risques de détérioration, péremption, ou obsolescence Oui
82%
Qu'est-ce qu'un stock et comment agit-il comme régulateur dans une entreprise? Ensemble des marchandises disponibles en magasin ou en réserve Oui
79%
Quels sont les différents types de stocks et comment les définissez-vous? stock de recherche Non
79%
Qu'est-ce qu'un stock et comment agit-il comme régulateur dans une entreprise? Indicateurs financiers utilisés pour évaluer la stabilité d'une entreprise Non
76%
Quelles sont les conséquences négatives d'avoir trop de stocks? Retard dans le paiement des commandes Non
73%
Quelles sont les questions auxquelles une gestion efficace des stocks doit répondre? Savoir si l'entreprise sera pérenne Non
73%
Comment la gestion opérationnelle des stocks vise-t-elle à éviter la rupture de stocks? En stimulant la santé des entreprises partenaires et dégradant la concurrence Non
70%
Quel est l'objectif de la gestion opérationnelle des stocks en évitant l'excès de stocks? Laisser à la concurrence la possibilité de se fournir en matériel pour vivre Non
70%
Quel est l'objectif de la gestion opérationnelle des stocks en évitant l'excès de stocks? Limiter des coûts inutiles et trop élevés Oui
70%
Comment la gestion opérationnelle des stocks vise-t-elle à éviter la rupture de stocks? La gestion opérationnelle vise à augmenter les stocks pour impressionner les concurrents Non
67%
Quelles sont les questions auxquelles une gestion efficace des stocks doit répondre? Savoir si les entrepôts peuvent doubler Non
67%
Quels sont les différents types de stocks et comment les définissez-vous? stock de confort Non
67%
Quels sont les avantages pour une entreprise d'avoir des stocks? Avoir des stocks signifie que l'entreprise peut vendre à perte sans impact financier Non
64%
Quel est l'objectif de la gestion opérationnelle des stocks en évitant l'excès de stocks? Créer un surplus pour susciter un sentiment de luxe chez les clients, pour renforcer la marque Non
64%
Quelles sont les conséquences négatives d'avoir trop de stocks? Impact négatif sur la trésorerie Oui
64%
Quels sont les avantages pour une entreprise d'avoir des stocks? Répondre à la demande du client au bon moment Oui
64%
Quels sont les différents types de stocks et comment les définissez-vous? stock minimum Oui
64%
Quels sont les avantages pour une entreprise d'avoir des stocks? Les stocks sont utiles pour montrer la richesse de l'entreprise lors des visites des investisseurs Non
61%
Quels sont les inconvénients des stocks pour une entreprise? Risques liés à des stocks élevés, tels que la détérioration ou l'obsolescence Oui
61%
Quels sont les différents types de stocks et comment les définissez-vous? stock de sécurité Oui
61%
Quels sont les différents types de stocks et comment les définissez-vous? stock final Oui
61%
Quelles sont les conséquences négatives d'avoir trop de stocks? Baisse de prix des produits finis Non
58%
Quel est l'objectif de la gestion opérationnelle des stocks en évitant l'excès de stocks? Elle doit répondre à la question de savoir si les entrepôts peuvent doubler pour stocker plus Non
58%
Comment la gestion opérationnelle des stocks vise-t-elle à éviter la rupture de stocks? Elle vise à maximiser les stocks pour montrer la solidité financière de l'entreprise Non
58%
Comment la gestion opérationnelle des stocks vise-t-elle à éviter la rupture de stocks? En passant des commandes suffisamment tôt pour répondre à la demande du client Oui
58%
Quels sont les avantages pour une entreprise d'avoir des stocks? Faire face aux variations et à la saisonnalité de la production Oui
58%
Quels sont les différents types de stocks et comment les définissez-vous? stock moyen Oui
58%
Qu'est-ce qu'un stock et comment agit-il comme régulateur dans une entreprise? Il agit comme régulateur entre les livraisons et les utilisations Oui
55%
Comment la gestion opérationnelle des stocks vise-t-elle à éviter la rupture de stocks? En passant régulièrement des commandes par plusieurs fournisseurs Non
45%
Quels sont les avantages pour une entreprise d'avoir des stocks? Stocker des produits nécessitant une période de stockage Non
45%
Comment la gestion opérationnelle des stocks vise-t-elle à éviter la rupture de stocks? Éviter l'excès de stocks permet d'accroître les coûts inutiles et de stimuler l'économie locale Non
36%
Quels sont les inconvénients des stocks pour une entreprise? Coûts de personnel de magasinage Oui
33%
Quels sont les inconvénients des stocks pour une entreprise? Frais d'immobilisation de capital Oui
30%
Quels sont les différents types de stocks et comment les définissez-vous? stock critique Oui
30%
Quels sont les avantages pour une entreprise d'avoir des stocks? Obtenir des prix d'achat moins élevés grâce à des commandes plus importantes Oui
27%
Quelles sont les conséquences négatives d'avoir trop de stocks? Retard dans l'encaissement des ventes Oui
18%
Quels sont les différents types de stocks et comment les définissez-vous? stock mort Oui
12%
Aucun quiz correspondant
Distribution des résultats
% des personnes avec chaque résultat
Percentile par nombre de réponses
Votre historique - résultats
Vous n’avez pas pris ce quiz